000 00491nam a22001937a 4500
003 MPLRDC
005 20220104123659.0
008 210129b ||||| |||| 00| 0 eng d
020 _a957-13-0821-8
082 _a947.413 SZZC v.10
100 _a手冢治虫著
245 _a怪医黑杰克. 十
_c
250 _a初版一刷
260 _a
_b时报文化出版企业有限
_c1993
300 _b
490 _a手冢治虫漫画全集
650 _a
942 _cBK
_o947.413 SZZC v.10
999 _c13332
_d13322